The house on the cliff / (Record no. 14596)

MARC details
000 -LEADER
fixed length control field 00975cam a22002651 4500
001 - CONTROL NUMBER
control field B-264921-926
003 - CONTROL NUMBER IDENTIFIER
control field 0
005 - DATE AND TIME OF LATEST TRANSACTION
control field 20180905125521.0
008 - FIXED-LENGTH DATA ELEMENTS--GENERAL INFORMATION
fixed length control field 790713s1959 nyua j 000 1 eng
010 ## - LIBRARY OF CONGRESS CONTROL NUMBER
LC control number B-264921-926
020 ## - INTERNATIONAL STANDARD BOOK NUMBER
International Standard Book Number 0448089025
Terms of availability 135.00
035 ## - SYSTEM CONTROL NUMBER
System control number B-264921-926 ,A-796430
040 ## - CATALOGING SOURCE
Original cataloging agency DPL
Language of cataloging EN
Transcribing agency 0
082 ## - DEWEY DECIMAL CLASSIFICATION NUMBER
Classification number S
100 ## - MAIN ENTRY--PERSONAL NAME
Personal name Dixon, Franklin W.
245 ## - TITLE STATEMENT
Title The house on the cliff /
Statement of responsibility, etc by Franklin W. Dixon
260 ## - PUBLICATION, DISTRIBUTION, ETC. (IMPRINT)
Place of publication, distribution, etc New York,
Name of publisher, distributor, etc Grosset & Dunlap
Date of publication, distribution, etc 2004
300 ## - PHYSICAL DESCRIPTION
Extent 180 p.
Other physical details ill.
Dimensions 20 cm (Hb)
490 ## - SERIES STATEMENT
Series statement The Hardy boys mystery stories 2
520 ## - SUMMARY, ETC.
Summary, etc Teenage detectives Frank and Joe Hardy investigate a supposedly haunted house reported to be the hangout of criminals.
650 ## - SUBJECT ADDED ENTRY--TOPICAL TERM
Topical term or geographic name as entry element Mystery and detective stories.
942 ## - ADDED ENTRY ELEMENTS (KOHA)
Source of classification or shelving scheme Dewey Decimal Classification
Koha item type Children Books
Classification part S
Call number suffix DIX
Holdings
Withdrawn status Lost status Damaged status Not for loan Collection code Home library Current library Date acquired Cost, normal purchase price Total Checkouts Full call number Barcode Date last seen Copy number Cost, replacement price Price effective from Koha item type Total Renewals Date checked out Source of acquisition Source of classification or shelving scheme
        Fiction Central Jail Tihar Central Jail Tihar 28/07/2008 135.00   S DIX B-264921 15/09/2008 1 135.00 15/09/2008 Children Books        
        Fiction Karol Bagh Karol Bagh 28/07/2008 135.00   S DIX B-264925 15/09/2008 1 135.00 15/09/2008 Children Books        
        Fiction Patel Nagar Patel Nagar 28/07/2008 135.00   S DIX B-264922 15/09/2008 1 135.00 15/09/2008 Children Books        
        Fiction Peshwa Road Peshwa Road 28/07/2008 135.00   S DIX B-264923 15/09/2008 1 135.00 15/09/2008 Children Books        
        Fiction Sarojini Nagar Sarojini Nagar 28/07/2008 135.00 11 S DIX B-264924 25/04/2026 1 135.00 15/09/2008 Children Books 11 14/03/2026    
        Fiction Shahdara Branch Shahdara Branch 28/07/2008 135.00   S DIX B-264926 15/09/2008 1 135.00 15/09/2008 Children Books        
        Fiction Tri Nagar Tri Nagar 05/09/2018 0.00 1 S DIX A-796430 18/09/2018   0.00 05/09/2018 Children Books   05/09/2018 BPPD/PUB Dewey Decimal Classification
        Fiction Vinoba Puri Vinoba Puri 05/09/2008 135.00 17 S DIX B-284704 24/06/2023 1 135.00 15/09/2008 Children Books   12/06/2023 Blueberry/4571/19.8.08/192/21.7.08/19.8.08  

© Delhi Public Library
Hit Counter
free hit counter